London bridges / (Record no. 142)

MARC details
000 -LEADER
fixed length control field 01173cam a2200265 4500
001 - CONTROL NUMBER
control field 158
005 - DATE AND TIME OF LATEST TRANSACTION
control field 20181127160641.0
008 - FIXED-LENGTH DATA ELEMENTS--GENERAL INFORMATION
fixed length control field 050926s2005 nyu 000 1 eng d
020 ## - INTERNATIONAL STANDARD BOOK NUMBER
International Standard Book Number 0446613355
International Standard Book Number 9780446613354
043 ## - GEOGRAPHIC AREA CODE
Geographic area code n-us-dc
100 1# - MAIN ENTRY--PERSONAL NAME
Personal name Patterson, James,
Dates associated with a name 1947-
245 10 - TITLE STATEMENT
Title London bridges /
Statement of responsibility, etc. James Patterson.
260 ## - PUBLICATION, DISTRIBUTION, ETC.
Place of publication, distribution, etc. New York :
Name of publisher, distributor, etc. Warner Vision Books,
Date of publication, distribution, etc. 2005.
300 ## - PHYSICAL DESCRIPTION
Extent 403 p. ;
Dimensions 17 cm.
500 ## - GENERAL NOTE
General note ""A hero's journey: the life and times of Alex Cross"": p. [379]-389.
General note ""A preview of Mary, Mary"": p. [393]-403.
520 ## - SUMMARY, ETC.
Summary, etc. When the world's largest cities are seized by terrorists who threaten to set off deadly bombs unless their demands are met, Alex Cross heads a joint investigation by the FBI, CIA, and Interpol to outmaneuver two vicious criminals known as the Weasel and the Wolf. By the author of The Big Bad Wolf.
650 #0 - SUBJECT ADDED ENTRY--TOPICAL TERM
Topical term or geographic name entry element African American police
Form subdivision Fiction.
Topical term or geographic name entry element Cross, Alex (Fictitious character)
Form subdivision Fiction.
Topical term or geographic name entry element Police
Geographic subdivision Washington (D.C.)
Form subdivision Fiction.
Topical term or geographic name entry element Police psychologists
Form subdivision Fiction.
Topical term or geographic name entry element Terrorism
General subdivision Prevention
Form subdivision Fiction.
651 #0 - SUBJECT ADDED ENTRY--GEOGRAPHIC NAME
Geographic name Washington (D.C.)
Form subdivision Fiction.
Holdings
Withdrawn status Lost status Source of classification or shelving scheme Damaged status Not for loan Collection code Home library Current library Shelving location Date acquired Serial Enumeration / chronology Inventory number Total Checkouts Full call number Barcode Date last seen Price effective from Koha item type
    Dewey Decimal Classification     Fiction RTC Library RTC Library Fiction 07/04/2022 1577   FIC 813.54 PAT 30000965 03/01/2022 27/11/2018 Fiction
Royal Thimphu College || All Right Reserved